Statistics for Historical Figures by Country: United Kingdom

Click here to take the quiz!

General Stats

  • This quiz has been taken 46 times
  • The average score is 9 of 16

Answer Stats

Answer% Correct
Princess Diana
100%
Winston Churchill
98%
Horatio Nelson
93%
Florence Nightingale
86%
Alfred Hitchcock
76%
Charles Dickens
74%
Guy Fawkes
74%
George Best
64%
Boudica
43%
Jane Austen
40%
Isambard Kingdom Brunel
36%
Benjamin Disraeli
31%
Emmeline Pankhurst
29%
Alexander Graham Bell
24%
Aneurin Bevan
24%
J. R. R. Tolkien
19%

Score Distribution

Percentile by Number Answered

Percent of People with Each Score

Your Score History

You have not taken this quiz